| 000 | 00371nam a2200169Ia 4500 | ||
|---|---|---|---|
| 008 | 210719s2018 xx 000 0 und d | ||
| 041 | _akan | ||
| 082 | _a923.6K VISK | ||
| 100 | _aVISHWANATH (B) | ||
| 245 | _aKarmayogi | ||
| 260 |
_aMangaluru _c2018 |
||
| 300 |
_a56 _bPB |
||
| 365 |
_b50 _cRs |
||
| 650 | _aBiography | ||
| 650 | _aBiography | ||
| 906 | _aKarmayogi | ||
| 999 |
_c215923 _d215923 |
||